000 00858nas a2200301 4500
001 BR2012006328
003 BR-BrBNA
005 20231205121040.0
007 ta
008 230509b bl.|||p| |||| 00| 00por d
040 _aBR-BrBNA
_bpor
_cBiblioteca Nacional de Agricultura
041 _a(Pt)
072 _aL70; L73
100 1 _aFreitas, D.B. de
100 1 _aLucas, R.
100 1 _aTarraga, K.M.
100 1 _aOliveira, A.V.
245 1 _aEficácia da cefovecina e da cafalexina no tratamento de cães com piodermite
650 _aCÃO
650 _aMEDICAMENTO
650 _aDOENÇA ANIMAL
650 _aPELE
650 _aVETERINÁRIA
650 _aBACTÉRIA
773 0 _tMedvep Dermato (Brazil)
_xISSN 2237-2768
_g(Oct-Dec 2011), v.1(1) p. 18-24
_wBR2012006328
909 _a202311
_bLúcia
_c55
_dLúcia Elande
942 _2AGRIS
_n0
_cANA
999 _c221595
_d221595